Puzzles and Teasers (Record no. 2407)

MARC details
000 -LEADER
fixed length control field 00344nam a2200145Ia 4500
003 - CONTROL NUMBER IDENTIFIER
control field OSt
008 - FIXED-LENGTH DATA ELEMENTS--GENERAL INFORMATION
fixed length control field 191201s2019 xx 000 0 und d
082 ## - DEWEY DECIMAL CLASSIFICATION NUMBER
Classification number 793.73
Item number GEP
100 ## - MAIN ENTRY--PERSONAL NAME
Personal name GEORGEJ, Summers
245 #0 - TITLE STATEMENT
Title Puzzles and Teasers
260 ## - PUBLICATION, DISTRIBUTION, ETC. (IMPRINT)
Place of publication, distribution, etc New Delhi
Name of publisher, distributor, etc Jaico Publication House
300 ## - PHYSICAL DESCRIPTION
Extent 256
650 ## - SUBJECT ADDED ENTRY--TOPICAL TERM
Topical term or geographic name as entry element General Books
942 ## - ADDED ENTRY ELEMENTS (KOHA)
Source of classification or shelving scheme Dewey Decimal Classification
Koha item type Text Books
Holdings
Withdrawn status Lost status Source of classification or shelving scheme Damaged status Not for loan Collection code Home library Current library Date acquired Source of acquisition Cost, normal purchase price Bill Number Total Checkouts Full call number Acc. no. / Barcode Date last seen Bill Date Koha item type Public note
    Dewey Decimal Classification     GENERAL PIET C-LIBRARY PIET C-LIBRARY 07/09/2006 VAIBHAV BOOK SERVICE 75.00 1925   793.73 GEP 5172 04/12/2019 26/08/2006 Text Books Language
    Dewey Decimal Classification     GENERAL PIET C-LIBRARY PIET C-LIBRARY 07/09/2006 VAIBHAV BOOK SERVICE 75.00 1925   793.73 GEP 5173 04/12/2019 26/08/2006 Text Books Language

Design & Developed by: PIET Central Library
R70 Miles Stone Pattikalyana Samalkha Panipat 132102
mail ID :- [email protected], Phone No:- 0180-2569700 Ex.216